Statistics for All Countries That End with A

Click here to take the quiz!

General Stats

  • This quiz has been taken 48 times
  • The average score is 57 of 74

Answer Stats

Answer% Correct
Albania
93%
Austria
93%
Estonia
93%
Australia
90%
Latvia
90%
Lithuania
90%
Andorra
88%
Canada
88%
India
88%
Russia
88%
Slovakia
88%
Slovenia
88%
Zambia
88%
Algeria
85%
Armenia
85%
Bosnia and
Herzegovina
85%
Columbia
85%
Croatia
85%
Indonesia
85%
North Korea
85%
South Korea
85%
Angola
83%
Argentina
83%
Eritrea
83%
Malta
83%
Romania
83%
Tunisia
83%
Bulgaria
80%
China
80%
Cuba
80%
Dominica
80%
Ghana
80%
North Macedonia
80%
Panama
80%
Serbia
80%
Grenada
78%
Guinea
78%
Kenya
78%
Namibia
78%
Nicaragua
78%
Rwanda
78%
Saudi Arabia
78%
South Africa
78%
Sri Lanka
78%
Venezuela
78%
Equatorial
Guinea
76%
Gambia
76%
Libya
76%
Syria
76%
Uganda
76%
Antigua And
Barbuda
73%
Bolivia
73%
Cambodia
73%
Ethiopia
73%
Georgia
73%
Liberia
73%
Mongolia
73%
Tanzania
73%
Botswana
71%
Guyana
71%
Mauritania
71%
Moldova
71%
Samoa
71%
Somalia
71%
Tonga
71%
Micronesia
68%
Malaysia
66%
Nigeria
66%
Guatemala
63%
Papua new
Guinea
61%
Costa Rica
59%
Czechia
51%
Jamaica
41%
Saint Lucia
17%

Score Distribution

Percentile by Number Answered

Percent of People with Each Score

Your Score History

You have not taken this quiz